All Lynyrd Skynyrd Songs - Statistics

General Stats
  • This quiz has been taken 73 times
  • The average score is 28 of 158
Answer Stats
Album Song % Correct
(Pronounced 'Lĕh-'nérd 'Skin-'nérd) Free Bird
94%
Second Helping Sweet Home Alabama
89%
(Pronounced 'Lĕh-'nérd 'Skin-'nérd) Simple Man
77%
(Pronounced 'Lĕh-'nérd 'Skin-'nérd) Tuesday's Gone
74%
(Pronounced 'Lĕh-'nérd 'Skin-'nérd) Gimme Three Steps
60%
Gimme Back My Bullets Gimme Back My Bullets
57%
Street Survivors That Smell
55%
Second Helping Call Me the Breeze
49%
Second Helping The Needle and the Spoon
49%
Second Helping The Ballad of Curtis Loew
47%
(Pronounced 'Lĕh-'nérd 'Skin-'nérd) I Ain't the One
43%
Nuthin' Fancy Saturday Night Special
43%
Edge of Forever Workin'
43%
Second Helping Workin' for MCA
43%
Second Helping I Need You
42%
(Pronounced 'Lĕh-'nérd 'Skin-'nérd) Poison Whiskey
40%
(Pronounced 'Lĕh-'nérd 'Skin-'nérd) Mississippi Kid
38%
Street Survivors What's Your Name
38%
Nuthin' Fancy On the Hunt
36%
Second Helping Swamp Music
36%
Second Helping Don't Ask Me No Questions
34%
Nuthin' Fancy Railroad Song
34%
Nuthin' Fancy Cheatin' Woman
28%
The Last Rebel The Last Rebel
28%
Nuthin' Fancy Whiskey Rock-a-Roller
28%
Gimme Back My Bullets All I Can Do Is Write About It
26%
God & Guns God & Guns
26%
(Pronounced 'Lĕh-'nérd 'Skin-'nérd) Mr. Banker
26%
(Pronounced 'Lĕh-'nérd 'Skin-'nérd) Things Goin' On
26%
Nuthin' Fancy Am I Losin'
25%
Gimme Back My Bullets Double Trouble
25%
Gimme Back My Bullets Searching
25%
Gimme Back My Bullets Trust
25%
Street Survivors I Know a Little
23%
Gimme Back My Bullets Cry for the Bad Man
21%
Gimme Back My Bullets Every Mother's Son
21%
Street Survivors Georgia Peaches
21%
Street Survivors Honky Tonk Night Time Man
21%
Nuthin' Fancy I'm a Country Boy
21%
Last of a Dyin' Breed Last of a Dyin' Breed
21%
Edge of Forever Edge of Forever
19%
Gimme Back My Bullets I Got the Same Old Blues
19%
Gimme Back My Bullets Roll Gypsy Roll
19%
Street Survivors Sweet Little Missy
19%
Street Survivors You Got That Right
19%
Nuthin' Fancy Made in the Shade
17%
Street Survivors One More Time
17%
Twenty Travelin' Man
17%
Street Survivors Ain't No Good Life
15%
(Pronounced 'Lĕh-'nérd 'Skin-'nérd) Down South Jukin'
15%
Street Survivors I Never Dreamed
15%
Second Helping Was I Right or Wrong
15%
The Last Rebel Born to Run
13%
Christmas Time Again Christmas Time Again
13%
Endangered Species Devil in the Bottle
13%
Street Survivors Jacksonville Kid
13%
Single #1 Need All My Friends
13%
Vicious Cycle Red White & Blue
13%
God & Guns Simple Life
13%
God & Guns Skynyrd Nation
13%
God & Guns That Ain't My America
13%
Twenty Voodoo Lake
13%
Twenty Berneice
11%
The Last Rebel Best Things in Life
11%
Vicious Cycle Crawl
11%
Edge of Forever FLA
11%
God & Guns Floyd
11%
Edge of Forever Full Moon Night
11%
God & Guns Gifted Hands
11%
Endangered Species Good Luck, Bad Luck
11%
Last of a Dyin' Breed Good Teacher
11%
Lynyrd Skynyrd 1991 Good Thing
11%
Endangered Species Hillbilly Blues
11%
God & Guns Hobo Kinda Man
11%
Lynyrd Skynyrd 1991 I've Seen Enough
11%
Lynyrd Skynyrd 1991 Mama (Afraid to Say Goodbye)
11%
Lynyrd Skynyrd 1991 Money Man
11%
Twenty None of Us Are Free
11%
The Last Rebel One Thing
11%
Twenty O.R.R.
11%
Edge of Forever Preacher Man
11%
God & Guns Raining In My Heartland
11%
Vicious Cycle Rockin' Little Town
11%
Edge of Forever Rough Around the Edges
11%
Christmas Time Again Skynyrd Family
11%
Lynyrd Skynyrd 1991 Smokestack Lightning
11%
God & Guns Storm
11%
Vicious Cycle Sweet Mama
11%
Vicious Cycle That's How I Like It
11%
Twenty We Ain't Much Different
11%
Endangered Species All I Have Is a Song
9%
Lynyrd Skynyrd 1991 Backstreet Crawler
9%
God & Guns Bang Bang
9%
Twenty Blame It on a Sad Song
9%
Twenty Bring It On
9%
The Last Rebel Can't Take That Away
9%
God & Guns Comin' Back For More
9%
Vicious Cycle Dead Man Walkin'
9%
Lynyrd Skynyrd 1991 End of the Road
9%
Edge of Forever Gone Fishin'
9%
The Last Rebel Good Lovin's Hard to Find
9%
Christmas Time Again Greensleeves
9%
Edge of Forever G.W.T.G.G.
9%
Endangered Species Heartbreak Hotel
9%
Vicious Cycle Hell or Heaven
9%
Last of a Dyin' Breed Homegrown
9%
Twenty Home Is Where the Heart Is
9%
Twenty How Soon We Forget
9%
Lynyrd Skynyrd 1991 It's a Killer
9%
Lynyrd Skynyrd 1991 Keeping the Faith
9%
Vicious Cycle Life's Lessons
9%
Last of a Dyin' Breed Life's Twisted
9%
Last of a Dyin' Breed Low Down Dirty
9%
Vicious Cycle Lucky Man
9%
Vicious Cycle Mad Hatter
9%
Edge of Forever Mean Streets
9%
Single #2 Michelle
9%
Last of a Dyin' Breed Mississippi Blood
9%
Edge of Forever Money Back Guarantee
9%
Last of a Dyin' Breed One Day at a Time
9%
Vicious Cycle Pick Em Up
9%
Last of a Dyin' Breed Poor Man's Dream
9%
Lynyrd Skynyrd 1991 Pure & Simple
9%
Last of a Dyin' Breed Ready to Fly
9%
Christmas Time Again Rudolph the Red-Nosed Reindeer
9%
Last of a Dyin' Breed Sad Song
9%
Christmas Time Again Santa Claus Is Comin' to Town
9%
God & Guns Southern Ways
9%
Lynyrd Skynyrd 1991 Southern Women
9%
The Last Rebel South of Heaven
9%
Last of a Dyin' Breed Start Livin' Life Again
9%
God & Guns Still Unbroken
9%
Twenty Talked Myself Right Into It
9%
Vicious Cycle The Way
9%
Edge of Forever Tomorrow's Goodbye
9%
God & Guns Unwrite That Song
9%
Vicious Cycle All Funked Up
8%
Christmas Time Again Classical Christmas
8%
Last of a Dyin' Breed Do It Up Right
8%
Christmas Time Again Hallelujah, It's Christmas
8%
Last of a Dyin' Breed Honey Hole
8%
The Last Rebel Kiss Your Freedom Goodbye
8%
God & Guns Little Thing Called You
8%
The Last Rebel Love Don't Always Come Easy
8%
Christmas Time Again Mama's Song
8%
Twenty Never Too Late
8%
Last of a Dyin' Breed Nothing Comes Easy
8%
The Last Rebel Outta Hell in My Dodge
8%
Christmas Time Again Run Run Rudolph
8%
Christmas Time Again Santa Claus Wants Some Lovin'
8%
Christmas Time Again Santa's Messin' with the Kid
8%
Last of a Dyin' Breed Something to Live For
8%
Edge of Forever Through It All
8%
Single #5 Truck Drivin' Man
8%
Single #3 I've Been Your Fool
6%
Single #4 Gotta Go
4%
Twenty Sign of the Times
4%
Vicious Cycle Rake
2%
No matching quizzes found
Score Distribution
Percent of People with Each Score
Percentile by Number Answered
Your Score History
You have not taken this quiz